सामान्य एवं दैनिक विज्ञान/ (Record no. 205129)
[ view plain ]
| 000 -LEADER | |
|---|---|
| fixed length control field | 00854nam a22002057a 4500 |
| 005 - DATE AND TIME OF LATEST TRANSACTION | |
| control field | 20240821124901.0 |
| 010 ## - LCCN (DPL NO) | |
| LC control number | HIN-128251 |
| 020 ## - INTERNATIONAL STANDARD BOOK NUMBER | |
| International Standard Book Number | 9789381154212 |
| Terms of availability | 500.00 |
| 035 ## - SYSTEM CONTROL NUMBER | |
| System control number | HN-100597 |
| 037 ## - SOURCE OF ACQUISITION | |
| Source of stock number/acquisition | DBAD |
| 082 ## - DEWEY DECIMAL CLASSIFICATION NUMBER | |
| Classification number | 500 |
| 100 ## - MAIN ENTRY--PERSONAL NAME | |
| Personal name | गुप्ता, मुकेश |
| 245 ## - TITLE STATEMENT | |
| Title | सामान्य एवं दैनिक विज्ञान/ |
| Statement of responsibility, etc | मुकेश गुप्ता |
| 250 ## - EDITION STATEMENT | |
| Edition statement | 1 |
| 260 ## - PUBLICATION, DISTRIBUTION, ETC. (IMPRINT) | |
| Place of publication, distribution, etc | जयपुर |
| Name of publisher, distributor, etc | बालाजी पब्लिकेशन |
| Date of publication, distribution, etc | 2022 |
| 270 ## - ADDRESS | |
| Address | 45- जी ,गोवेर्धन कॉलोनी, न्यू सांगानेर रोड, सोडाला |
| City | जयपुर -19 |
| 300 ## - PHYSICAL DESCRIPTION | |
| Extent | 204पृ. |
| Dimensions | 21सेमी (सजिल्द) |
| 650 ## - SUBJECT ADDED ENTRY--TOPICAL TERM | |
| Topical term or geographic name as entry element | हिन्दी |
| 942 ## - ADDED ENTRY ELEMENTS (KOHA) | |
| Institution code [OBSOLETE] | dpl |
| Item type | Hindi Books |
| Source of classification or shelving scheme | Dewey Decimal Classification |
| Classification part | 500 |
| Call number suffix | गुप्तामु |
| Withdrawn status | Lost status | Not for loan | Collection code | Home library | Current library | Date acquired | Source of acquisition | Cost, normal purchase price | Full call number | Barcode | Copy number | Cost, replacement price | Koha item type |
|---|---|---|---|---|---|---|---|---|---|---|---|---|---|
| Non-fiction | Patel Nagar | Patel Nagar | 21/08/2024 | DBAD | 500.00 | 500 गुप्तामु | HN-100597 | 1 | 500.00 | Hindi Books |
